Зарождение и развитие глобального информационного общества: взгляд в прошлое и настоящее: монография

Bibliografiske detaljer
Hovedforfatter: Иванова Е. М. Евгения Михайловна
Institution som forfatter: Национальный исследовательский Томский политехнический университет (ТПУ) Юргинский технологический институт (ЮТИ)
Andre forfattere: Дергач Н. С. (редактор)
Summary:Заглавие с титульного экрана
Режим доступа: из корпоративной сети ТПУ
Sprog:russisk
Udgivet: Томск, Изд-во ТПУ, 2013
Fag:
Online adgang:http://www.lib.tpu.ru/fulltext2/m/2013/m197.pdf
Format: MixedMaterials Electronisk Bog
KOHA link:https://koha.lib.tpu.ru/cgi-bin/koha/opac-detail.pl?biblionumber=240868

MARC

LEADER 00000nlm0a2200000 4500
001 240868
005 20231101231754.0
035 |a (RuTPU)RU\TPU\book\262129 
035 |a RU\TPU\book\262127 
090 |a 240868 
100 |a 20130626d2013 k y0rusy50 ca 
101 0 |a rus 
102 |a RU 
105 |a a z 001zy 
135 |a drcn ---uucaa 
181 0 |a i  
182 0 |a b 
200 1 |a Зарождение и развитие глобального информационного общества: взгляд в прошлое и настоящее  |b Электронный ресурс  |e монография  |f Е. М. Иванова  |g Национальный исследовательский Томский политехнический университет (ТПУ), Юргинский технологический институт (ЮТИ) ; под ред. Н. С. Дергач 
203 |a Текст  |c электронный 
210 |a Томск  |c Изд-во ТПУ  |d 2013 
230 |a 1 компьютерный файл (pdf; 1.8 MB) 
300 |a Заглавие с титульного экрана 
333 |a Режим доступа: из корпоративной сети ТПУ 
337 |a Adobe Reader 
606 1 |a Информационное общество  |x Социология  |2 stltpush  |3 (RuTPU)RU\TPU\subj\70500  |9 84745 
610 1 |a электронный ресурс 
610 1 |a труды учёных ТПУ 
610 1 |a информационное общество 
610 1 |a паттерны 
610 1 |a формирование 
610 1 |a развитие 
610 1 |a человек 
610 1 |a социальное бытие 
610 1 |a социально-философский подход 
610 1 |a монографии 
686 |a С55.57  |v LBC/SL-A  |2 rubbk 
700 1 |a Иванова  |b Е. М.  |c специалист в области гуманитарных наук  |c доцент Юргинского филиала Томского политехнического университета, кандидат философских наук  |f 1976-  |g Евгения Михайловна  |2 stltpush  |3 (RuTPU)RU\TPU\pers\30445  |9 14770 
702 1 |a Дергач  |b Н. С.  |4 340 
712 0 2 |a Национальный исследовательский Томский политехнический университет (ТПУ)  |b Юргинский технологический институт (ЮТИ)  |c (2009- )  |2 stltpush  |3 (RuTPU)RU\TPU\col\15903 
801 1 |a RU  |b 63413507  |c 20130626 
801 2 |a RU  |b 63413507  |c 20130906  |g RCR 
856 4 |u http://www.lib.tpu.ru/fulltext2/m/2013/m197.pdf 
942 |c CF